Imiona męskie na literę A - Statystyki

Ogólne statystyki
  • Ten quiz został rozwiązany 159 razy
  • Średni wynik to 6 z 9
Statystyki odpowiedzi
# Odpowiedź % Poprawnych
4. Adam
90%
5. Antoni
81%
6. Aleks
77%
8. Andrzej
76%
2. Aleksander
70%
3. Adrian
62%
9. Artur
60%
1. Arkadiusz
59%
7. Alan
46%
Nie znaleziono quizów pasujących do podanych kryteriów
Rozkład punktacji
Procent ludzi z każdym wynikiem
Percentyl według liczby udzielonych odpowiedzi
Twoja historia wyników
Nie rozwiązałeś tego quizu